History Quiz

Random History or Letter Quiz

Historical People A-Z II Quiz Stats

 Plays Quiz Updated Jul 19, 2016

Challenge
Share
Tweet
Score 0/26 Timer 06:00
0 Plays Today
% Correct
Elizabeth II
96.9%
Winston Churchill
92.9%
Neil Armstrong
92.7%
Nelson Mandela
91%
Joseph Stalin
90.1%
Henry VIII
88.9%
Benjamin Franklin
87.9%
Vincent Van Gogh
85%
Franklin D. Roosevelt
82.4%
Nero
78.5%
Ernesto Guevara
73.9%
Salvador Dalí
72.6%
Harriet Tubman
69.9%
% Correct
Rosa Parks
68.7%
Isabella II
66.7%
Helen Keller
58.1%
Dan Quayle
57.4%
Martin Luther
55.3%
J. Robert Oppenheimer
50.3%
Simón Bolívar
29.6%
Brigham Young
24.5%
Chief Joseph
14.4%
William Wallace
13.5%
Xenophon of Athens
7.8%
Zenobia
4.2%
Walter Ulbricht
3.9%

You're not logged in!

Compare scores with friends on all Sporcle quizzes.
Join for Free
OR
Log In

You Might Also Like...

Show Comments

Extras

Top Quizzes Today


Score Distribution

Your Account Isn't Verified!

In order to create a playlist on Sporcle, you need to verify the email address you used during registration. Go to your Sporcle Settings to finish the process.

Report this User

Report this user for behavior that violates our Community Guidelines.

Details: